|
|
|
|
| LEADER |
00000nam0a2200000 4500 |
| 001 |
210091 |
| 005 |
20231101225606.0 |
| 035 |
|
|
|a (RuTPU)RU\TPU\book\229457
|
| 090 |
|
|
|a 210091
|
| 100 |
|
|
|a 20120220d2010 k y0rusy50 ca
|
| 101 |
0 |
|
|a rus
|
| 102 |
|
|
|a RU
|
| 105 |
|
|
|a a z 101zy
|
| 200 |
1 |
|
|a Ресурсоэффективные технологии для будущих поколений
|e сборник трудов II Международной научно-практической конференции молодых ученых, Томск, 23-25 ноября 2010 г.
|f Национальный исследовательский Томский политехнический университет (ТПУ)
|
| 210 |
|
|
|a Томск
|c Изд-во ТПУ
|d 2010
|
| 215 |
|
|
|a 452 с.
|c ил.
|
| 320 |
|
|
|a Библиография в конце статей
|
| 330 |
|
|
|a Сборник содержит доклады, представленные на II Международной научно-практической конференции молодых ученых "Ресурсоэффективные технологии для будущих поколений", прошедшей в Томском политехническом университете. Материалы сборника отражают доклады студентов, аспирантов и молодых ученых, принятые к обсуждению на секциях: "Биотехнология", "Новые материалы", "Традиционная и альтернативная энергетика" "Ядерные технологии", "Неразрушающий контроль","Информационные технологии". Представляет интерес для специалистов, исследователей в сфере материаловедения, машино- и приборостроения, энергетики, контроля и управления качеством, информационных систем, биотехнологий и ресурсоэффективных технологий.
|
| 606 |
1 |
|
|a Инновации технические
|x Внедрение
|2 stltpush
|3 (RuTPU)RU\TPU\subj\68848
|9 83957
|
| 610 |
1 |
|
|a новые технологии
|
| 610 |
1 |
|
|a ресурсоэффективность
|
| 610 |
1 |
|
|a биотехнологии
|
| 610 |
1 |
|
|a новые материалы
|
| 610 |
1 |
|
|a традиционная энергетика
|
| 610 |
1 |
|
|a альтернативная энергетика
|
| 610 |
1 |
|
|a ядерные технологии
|
| 610 |
1 |
|
|a неразрушающий контроль
|
| 610 |
1 |
|
|a информационные технологии
|
| 610 |
1 |
|
|a конференции
|
| 610 |
1 |
|
|a труды учёных ТПУ
|
| 675 |
|
|
|a 62.001.5(063)
|v 3
|
| 712 |
0 |
2 |
|a Национальный исследовательский Томский политехнический университет (ТПУ)
|c (2009- )
|2 stltpush
|3 (RuTPU)RU\TPU\col\15902
|
| 712 |
1 |
2 |
|a Ресурсоэффективные технологии для будущих поколений
|b конференция
|d 2
|e Томск
|f 2010
|
| 801 |
|
1 |
|a RU
|b 63413507
|c 20120220
|
| 801 |
|
2 |
|a RU
|b 63413507
|c 20211026
|g RCR
|
| 942 |
|
|
|c BK
|